Movies Quiz

Random Movies or Actress Quiz
Score 0/12 Timer 05:00
0 Plays Today
Year and Film Person % Correct
Silence of the Lambs, 1991 (Actor)Anthony Hopkins
96.7%
Silence of the Lambs, 1991 (Actress)Jodie Foster
96.7%
One Flew Over the Cuckoo's Nest, 1975 (Actor)Jack Nicholson
96%
It Happened One Night, 1934 (Actor)Clark Gable
76.2%
Silence of the Lambs, 1991 (Director)Jonathan Demme
72.8%
One Flew Over the Cuckoo's Nest, 1975 (Actress)Louise Fletcher
71.5%
One Flew Over the Cuckoo's Nest, 1975 (Director)Milos Forman
64.2%
It Happened One Night, 1934 (Actress)Claudette Colbert
60.9%
It Happened One Night, 1934 (Director)Frank Capra
53%
Silence of the Lambs, 1991 (Screenplay)Ted Tally
8.6%
One Flew Over the Cuckoo's Nest, 1975 (Screenplay)Lawrence Hauben and Bo Goldman
4.6%
It Happened One Night, 1934 (Screenplay)Robert Riskin
4%
Remove Ads.
Support Sporcle.
Get the best of Sporcle when you Go Orange. This ad-free experience offers more features, more stats, and more fun while also helping to support Sporcle. Thank you for becoming a member.

You're not logged in!

Compare scores with friends on all Sporcle quizzes.
OR
Log In

Sporcle TV

Today on Sporcle TV


Watch our educational content, quiz creation guides, and fun videos on Sporcle TV.

Show Comments

Extras

Top Quizzes Today


Score Distribution

Paid Content

Your Account Isn't Verified!

In order to create a playlist on Sporcle, you need to verify the email address you used during registration. Go to your Sporcle Settings to finish the process.

Report this User

Report this user for behavior that violates our Community Guidelines.

Details: